| 000 | 00506nam a22001457a 4500 | ||
|---|---|---|---|
| 082 | _aMSCS-4 IAR | ||
| 100 | _aAsfand Iar | ||
| 245 |
_aBiometrics using complex eye movements / _cAsfand Iar |
||
| 260 |
_aIslamabad _bNUST-SEECS _c2016 |
||
| 300 |
_a47p. _eCD Includes |
||
| 856 | _uhttp://10.250.8.41:8080/xmlui/handle/123456789/8252 | ||
| 942 |
_2ddc _cTHE |
||
| 999 |
_c328770 _d328770 |
||